000 00720nam a2200217 i 4500
001 172638
003 ES-MaACL
005 20230906215005.0
008 090805s1989 fr |||| | fre d
020 _a2-03-710004-3
080 _a811.133.1-84
245 0 0 _aDictionnaire des citations françaises /
_c[...publié sous la direction de Robert Carlier, et al.].
260 _aParis :
_bLarousse,
_c1989.
300 _a659 p. ;
_c18 cm.
490 1 _aRéférences Larousse
650 4 _aCitas francesas.
_9141142
650 4 _aCitas-
_vDiccionarios.
_911062
830 0 _aRéférences Larousse
_9189104
852 4 _aES-MaACL
_jE-12928
_9R.139428
_z. - Biblioteca Jacinto Martínez Lacalle
999 _c172638
_d172638